000 00280nam a22001217a 4500
008 180518b xxu||||| |||| 00| 0 eng d
041 _aeng
080 _a043.3
100 _a0
101 _aSHKI-BTH
245 _aSfidat e kalimit në Cloud Computing
_cGashi,F
942 _2udc
_cBK
999 _c45992
_d45992